Online
Catalog

Grandes creadores del arte dominicano / (Record no. 37095)

MARC details
000 -CABECERA
campo de control de longitud fija 01669nam a2200289 a 4500
001 - NÚMERO DE CONTROL
campo de control 000037605
005 - FECHA Y HORA DE LA ÚLTIMA TRANSACCIÓN
campo de control 20260305073959.0
008 - DATOS DE LONGITUD FIJA--INFORMACIÓN GENERAL
campo de control de longitud fija 121001s2010 dr ac 000 0 spa d
020 ## - NÚMERO INTERNACIONAL ESTÁNDAR DEL LIBRO
Número Internacional Estándar del Libro 9789945002553
040 ## - FUENTE DE LA CATALOGACIÓN
Centro catalogador/agencia de origen DO-SdBNP
Lengua de catalogación spa
Centro/agencia transcriptor BNPHU
041 17 - CÓDIGO DE LENGUA
Código de lengua del texto/banda sonora o título independiente spa
Código de lengua del sumario o resumen eng
Fuente del código fren
082 ## - NÚMERO DE LA CLASIFICACIÓN DECIMAL DEWEY
Número de clasificación 709.7293
Número de documento/Ítem G377g
100 1# - ENTRADA PRINCIPAL--NOMBRE DE PERSONA
Nombre de persona Gerón, Candido,
Fechas asociadas al nombre 1948-
9 (RLIN) 3577
245 10 - MENCIÓN DE TÍTULO
Título Grandes creadores del arte dominicano /
Mención de responsabilidad, etc. Cándido Gerón ; traductores María Teresa Puigbo, Manuel García Cartagena.
260 ## - PUBLICACIÓN, DISTRIBUCIÓN, ETC.
Lugar de publicación, distribución, etc. Santo Domingo :
Nombre del editor, distribuidor, etc. Centenario,
Fecha de publicación, distribución, etc. 2010.
300 ## - DESCRIPCIÓN FÍSICA
Extensión 499 p. :
Otras características físicas il., retrs. ;
Dimensiones 30 cm.
500 ## - NOTA GENERAL
Nota general Texto en español, inglés y francés
500 ## - NOTA GENERAL
Nota general Texto a dos columnas
500 ## - NOTA GENERAL
Nota general Incluye datos biográficos del autor en la solapa de la portada
505 0# - NOTA DE CONTENIDO CON FORMATO
Nota de contenido con formato Principios de siglo xx : celebración y ruptura --
Título Nacimiento de la pintura moderna 1936-1942 : El exilio español --
-- La fundación de la Escuela Nacional de Bellas Artes --
-- El ministerio se abre a lo desconocido --
-- El vértigo se atrinchera en la modernidad --
-- Dos generaciones alucinantes, combatientes y contradictorias en pleno siglo XX --
-- Las mareas de la postmodernidad --
-- Consolidación de la pintura dominicana moderna --
-- Incidencia de los pintores Paul Giudicelli, Gilberto Hernández Ortega, Clara Ledesma, Eligio Pichardo, y los Escultores Gaspar Mario Cruz y Luichy Martínez Richieez --
-- Biografías --
590 ## - NOTA LOCAL (RLIN)
Nota local Inventariado, 2018/LP
650 #4 - PUNTO DE ACCESO ADICIONAL DE MATERIA--TÉRMINO DE MATERIA
Término de materia o nombre geográfico como elemento de entrada Arte dominicano
9 (RLIN) 37843
650 #4 - PUNTO DE ACCESO ADICIONAL DE MATERIA--TÉRMINO DE MATERIA
Término de materia o nombre geográfico como elemento de entrada Artistas dominicanos
Subdivisión general Biografías
9 (RLIN) 33342
700 12 - PUNTO DE ACCESO ADICIONAL--NOMBRE DE PERSONA
Nombre de persona Teresa Puigbo, María,
Término indicativo de función/relación tr.
9 (RLIN) 64075
700 12 - PUNTO DE ACCESO ADICIONAL--NOMBRE DE PERSONA
Nombre de persona García Cartagena, Manuel
Término indicativo de función/relación tr.
9 (RLIN) 12067
910 ## - DATOS DE OPCIÓN DEL USUARIO (OCLC)
Datos de opción del usuario Validado. Control de calidad MFF
Holdings
Estado de retiro Estado de pérdida No para préstamo Código de colección Localización permanente Ubicación/localización actual Ubicación en estantería Fecha de adquisición Número de inventario Total de préstamos Signatura topográfica completa Código de barras Fecha visto por última vez Precio válido a partir de Tipo de ítem Koha Número de copia
  Extraviado Excluido de préstamo Patrimonio Dominicano General General Extraviado 20.05.2013 LF1   709.7293 G377g 37605-30 25.06.2020 25.06.2020 Libro y Folleto Colección Patrimonio Dominicano  
    Excluido de préstamo Patrimonio Dominicano Patrimonio Dominicano Patrimonio Dominicano Depósito 01.10.2012 LF1   709.7293 G377g 37605-10 25.06.2020 25.06.2020 Libro y Folleto Colección Patrimonio Dominicano  
    Excluido de préstamo Patrimonio Dominicano Patrimonio Dominicano Patrimonio Dominicano Depósito 20.05.2013 LF1   709.7293 G377g 37605-20 25.06.2020 25.06.2020 Libro y Folleto Colección Patrimonio Dominicano e. 2

Powered by Koha